000 00732 a2200229 4500
003 OSt
005 20180116192337.0
008 120524t xxu||||| |||| 00| 0 eng d
010 _a 76044872
020 _a0064535045
040 _c0
082 0 0 _a746.92
100 1 _aTate, Sharon Lee.
_91856
245 1 0 _aInside fashion design /
_cSharon Lee Tate ; illustrated by Mona Shafer Edwards ; photos. by Larry Kastendiek.
260 _aSan Francisco :
_bCanfield Press,
_cc1977.
300 _a308 p. :
_bill. ;
_c29 cm.
500 _aIncludes index.
650 0 _aFashion design.
_91857
650 0 _aCostume design
_91858
942 _aSADA
_cBK
_k746.92 TAT 1977
_2ddc
999 _c352503
_d352503